| 000 | 00555nam a2200157 a 4500 | ||
|---|---|---|---|
| 008 | 120416s1965 ||||||||||||||||| || u | ||
| 050 | _aQD 75 Bar | ||
| 100 | _aBarnard, J. A | ||
| 245 | 1 | 0 | _aModern methods of chemical analysis |
| 260 |
_aNew York _bMcGraw-Hill _c1965 |
||
| 300 | _axiii, 273p. : ill. | ||
| 350 | _a0.00 | ||
| 650 | 0 | _aCHEMISTRY--HANDBOOKS, MANUALS, ETC | |
| 650 | 0 | _aANALYTICAL CHEMISTRY | |
| 995 |
_D0.00 _FCBU-MAIN LIBRARY (Kitwe) _H1 _I2.75 _M1 _UDAMAGED _ZMain Library Open Access Collection |
||
| 999 |
_c51488 _d51488 |
||